|
|
|
|
| LEADER |
00000nab a2200000 a 4500 |
| 001 |
vtls000669555 |
| 003 |
SK-MaSNL |
| 005 |
20260304084918.0 |
| 008 |
250425c1998 xo 0 slo |
| 015 |
|
|
|a SNBRB1998/08-21276
|
| 035 |
|
|
|a CLN000021734
|
| 035 |
|
|
|a (urnnbn)urn:nbn:sk:snk:ar-a083su
|
| 035 |
|
|
|a (uuid)672943f4-5fb0-4eec-895f-c4c194dd4941
|
| 035 |
|
|
|a urn:nbn:sk:snk-ab8cus
|
| 040 |
|
|
|a SNKBUCL
|b slo
|c SNKBUCL
|e AACR2
|
| 041 |
0 |
|
|a slo
|
| 044 |
|
|
|a xo
|c SK
|
| 080 |
|
|
|a 343.4:061.3
|2 1997
|
| 080 |
|
|
|a 343.819.7:061.3
|2 1997
|
| 100 |
1 |
|
|a Teplanský, Stanislav
|4 aut
|9 1335642
|
| 245 |
1 |
0 |
|a Internačné formy politickej perzekúcie
|c S. Teplanský, A. Jenča
|
| 648 |
|
7 |
|a 1997
|2 snkbucl
|9 283446
|
| 648 |
|
7 |
|a 27.-28.8.1997
|2 snkbucl
|9 1377809
|
| 650 |
0 |
7 |
|a politická perzekúcia
|2 snkbucl
|9 75134
|
| 650 |
0 |
7 |
|a internačné formy
|2 snkbucl
|9 465761
|
| 700 |
1 |
|
|a Jenča, Andrej,
|d 1953-
|4 aut
|9 40704
|
| 773 |
0 |
|
|t Vojenská história
|g Roč. 2, č. 2 (1998), s. 131-133
|x 1335-3314
|
| 850 |
|
|
|a Slovenská národná knižnica
|
| 852 |
|
|
|a Slovenská národná knižnica
|
| 954 |
|
|
|a odborná, vedecká literatúra pôvodná (slovenská)
|2 lita
|
| 958 |
|
|
|a article9
|
| 958 |
|
|
|a OND
|
| 958 |
|
|
|a EUIPO
|
| 999 |
|
|
|c 2805616
|d 2807546
|